| 000 | 01333 a2200373 4500 | ||
|---|---|---|---|
| 999 |
_c200422513 _d39504 |
||
| 001 | 200422513 | ||
| 003 | TR-AnTOB | ||
| 005 | 20220103103221.0 | ||
| 008 | 150723e2007 xxu 001 0 | ||
| 020 | _a0821365150 | ||
| 020 | _a082136670X (hbk.) | ||
| 020 | _a9780821365151 | ||
| 040 |
_aDLC _beng _dTR-AnTOB _erda _cTR-AnTOB |
||
| 041 | _aeng | ||
| 050 | 0 |
_aHD75 _b.D45 2007 |
|
| 090 | _aHD75 .D45 2007 | ||
| 245 | 0 | 0 |
_aDelivering on the promise of pro-poor growth : _binsights and lessons from country experiences / _cedited by Timothy Besley and Louise J. Cord. |
| 264 | 1 |
_aBasingstoke [England] ; _aNew York : _aWashington DC : _bWorld Bank, _c[2007] |
|
| 264 | 4 | _c©2007 | |
| 300 |
_axi, 253 pages : _billustrations, map ; _c23 cm. |
||
| 336 |
_atext _2rdacontent _btxt |
||
| 337 |
_aunmediated _2rdamedia _bn |
||
| 338 |
_avolume _2rdacarrier _bnc |
||
| 490 | 0 | _aWorld Bank policy research report. | |
| 504 | _aIncludes bibliographical references and index. | ||
| 590 | _aDünya Bankası / TEPAV tarafından bağışlanmıştır. | ||
| 650 | 0 |
_aPoverty _xGovernment policy _vCase studies _9108000 |
|
| 650 | 0 |
_aEconomic development _vCase studies _924329 |
|
| 700 | 1 |
_aBesley, Timothy _985102 |
|
| 700 | 1 |
_aCord, Louise _9107999 |
|
| 710 | 2 |
_aWorld Bank _919811 |
|
| 942 |
_cBK _2lcc |
||